The African American National Biography: Brown, S.-diggs (Record no. 575104)

MARC details
000 -LEADER
fixed length control field 00705nam a2200169 4500
008 - FIXED-LENGTH DATA ELEMENTS--GENERAL INFORMATION
fixed length control field 250708b |||||||| |||| 00| 0 eng d
020 ## - INTERNATIONAL STANDARD BOOK NUMBER
ISBN 9780195160192
082 ## - DEWEY DECIMAL CLASSIFICATION NUMBER
Classification number 920.00929
Item number GAT
100 ## - MAIN ENTRY--AUTHOR NAME
Personal name Henry Louis Gates (Jr.), Evelyn Brooks Higginbotham
245 ## - TITLE STATEMENT
Title The African American National Biography: Brown, S.-diggs
260 ## - PUBLICATION, DISTRIBUTION, ETC. (IMPRINT)
Name of publisher Oxford University Press Inc
Year of publication 2008
300 ## - PHYSICAL DESCRIPTION
Number of Pages 704 pages
500 ## - GENERAL NOTE
General note An 8-volume reference set containing over 4,000 entries written by distinguished scholars, 'The African American National Biography' is the most significant and expansive compilation of black lives in print today.
650 ## - SUBJECT ADDED ENTRY--TOPICAL TERM
Topical Term African Americans
942 ## - ADDED ENTRY ELEMENTS (KOHA)
Koha item type English Books
Holdings
Withdrawn status Lost status Damaged status Not for loan Home library Current library Shelving location Date acquired Full call number Accession Number Price effective from Koha item type
        Anna Centenary Library Anna Centenary Library 7TH FLOOR, B WING 08.07.2025 920.00929 GAT 140867 08.07.2025 English Books
        Anna Centenary Library Anna Centenary Library 7TH FLOOR, B WING 08.07.2025 920.00929 GAT 140868 08.07.2025 English Books
        Anna Centenary Library Anna Centenary Library 7TH FLOOR, B WING 08.07.2025 920.00929 GAT 140869 08.07.2025 English Books
        Anna Centenary Library Anna Centenary Library 7TH FLOOR, B WING 08.07.2025 920.00929 GAT 140870 08.07.2025 English Books
        Anna Centenary Library Anna Centenary Library 7TH FLOOR, B WING 08.07.2025 920.00929 GAT 140871 08.07.2025 English Books
        Anna Centenary Library Anna Centenary Library 7TH FLOOR, B WING 08.07.2025 920.00929 GAT 140872 08.07.2025 English Books
        Anna Centenary Library Anna Centenary Library 7TH FLOOR, B WING 08.07.2025 920.00929 GAT 140873 08.07.2025 English Books
        Anna Centenary Library Anna Centenary Library 7TH FLOOR, B WING 08.07.2025 920.00929 GAT 140874 08.07.2025 English Books

Find us on the map